Machinery's Handbook for machine shop and drafting-room; (Record no. 545999)
[ view plain ]
| 000 -LEADER | |
|---|---|
| fixed length control field | 00696cam a2200157 4500 |
| 082 ## - DEWEY DECIMAL CLASSIFICATION NUMBER | |
| Classification number | 621.02 |
| -- | L-tech P-68 |
| 245 00 - TITLE STATEMENT | |
| Title | Machinery's Handbook for machine shop and drafting-room; |
| Remainder of title | a reference book on machine design and shop practice for the mechanical engineer, draftsman, toolmaker and machinist, |
| Statement of responsibility, etc. | by Erik Oberg and F.D. Jones. |
| 250 ## - EDITION STATEMENT | |
| Edition statement | 12th ed., |
| 260 ## - PUBLICATION, DISTRIBUTION, ETC. | |
| Place of publication, distribution, etc. | New York, |
| Name of publisher, distributor, etc. | The Industrial Press; |
| Place of publication, distribution, etc. | Brighton [Eng.] |
| Name of publisher, distributor, etc. | The Machinery Pub. Co., Ltd., |
| Date of publication, distribution, etc. | 1943. |
| 300 ## - PHYSICAL DESCRIPTION | |
| Extent | 4 p. l., 1815 p. incl. illus., diagrs. |
| Other physical details | col. front. |
| Dimensions | 19 cm. |
| 526 ## - STUDY PROGRAM INFORMATION NOTE | |
| Program name | 0 |
| Interest level | 0 |
| Reading level | 0 |
| Title point value | 621_020000000000000 |
| 650 #0 - SUBJECT ADDED ENTRY--TOPICAL TERM | |
| Topical term or geographic name entry element | MCE |
| 9 (RLIN) | 379 |
| 700 1# - ADDED ENTRY--PERSONAL NAME | |
| Personal name | Jones, Franklin Day, |
| 9 (RLIN) | 41993 |
| 700 1# - ADDED ENTRY--PERSONAL NAME | |
| Personal name | Oberg, Erik, |
| 9 (RLIN) | 41114 |
| 942 ## - ADDED ENTRY ELEMENTS (KOHA) | |
| Source of classification or shelving scheme | |
| Koha item type | Book |
| Withdrawn status | Lost status | Source of classification or shelving scheme | Damaged status | Not for loan | Permanent Location | Current Location | Date acquired | Total Checkouts | Full call number | Barcode | Date last seen | Price effective from | Koha item type |
|---|---|---|---|---|---|---|---|---|---|---|---|---|---|
| Military College of Engineering (MCE) | Military College of Engineering (MCE) | 06/02/2014 | 621.02 | MCE-40020 | 06/02/2014 | 06/02/2014 | Book |
